Spravočnaja kniga ekonomista-planovika ekonomika, organizacija, planirovanije proizvodstva i naučnych issledovanij

Gespeichert in:
Bibliographische Detailangaben
1. Verfasser: Skvorcov, Nikolaj Nikanovič
Format: Buch
Sprache:Russisch
Veröffentlicht: Kijev Vyšča škola 1979
Ausgabe:2. pererab. i dopoln. izd.
Tags: Tag hinzufügen
Keine Tags, Fügen Sie das erste Tag hinzu!

MARC

LEADER 00000nam a2200000 4500
001 c141217
005 20250901085019.6
041 0 |a rus 
044 |a UA 
245 1 0 |a Spravočnaja kniga ekonomista-planovika  |b ekonomika, organizacija, planirovanije proizvodstva i naučnych issledovanij  |c Nikolaj Nikanovič Skvorcov 
250 |a 2. pererab. i dopoln. izd. 
264 1 |a Kijev  |b Vyšča škola  |c 1979 
300 |a 254 s. 
100 1 |a Skvorcov, Nikolaj Nikanovič